|
|
|
|
| LEADER |
00766nam#a2200241#a#4500 |
| 001 |
008114 |
| 005 |
20160721144622.0 |
| 008 |
011111s1975####xxu#################eng#d |
| 020 |
|
|
|a 0870145134
|
| 040 |
|
|
|a AR-beUNQ
|
| 099 |
|
|
|a 09-B9
|
| 100 |
1 |
|
|a Becker, Gary S
|
| 245 |
0 |
0 |
|a Human capital : a theoretical and empirical analysis with special reference to education
|c Gary S Becker.
|
| 250 |
|
|
|a 2a. ed.
|
| 260 |
|
|
|a New York :
|b National Bureau of Economic Research,
|c 1975
|
| 300 |
|
|
|a xvii, 268 p
|
| 650 |
|
7 |
|a FUERZA DE TRABAJO
|2 Spines
|
| 650 |
|
7 |
|a GASTOS
|2 Spines
|
| 650 |
|
7 |
|a EDUCACION
|2 Spines
|
| 650 |
|
7 |
|a ENSEÑANZA SUPERIOR
|2 Spines
|
| 929 |
|
|
|a COMPRA
|b Martha Blanco de Dieguez
|d 10,00E
|e 20011119
|f patrimonio
|j 31057
|
| 942 |
|
|
|c LIB
|n 0
|
| 999 |
|
|
|c 10682
|d 86069
|